| 000 | 00993nam a22002657a 4500 | ||
|---|---|---|---|
| 999 |
_c14080 _d14080 |
||
| 003 | EG-ScBUE | ||
| 005 | 20191229113532.0 | ||
| 008 | 100614s2005 ua f d 000 0 ara d | ||
| 020 | _a9770910597 | ||
| 040 |
_aEG-ScBUE _bara _erda _cEG-ScBUE _dEG-ScBUE |
||
| 082 | 0 | 4 |
_a492.73 _bم ج م _222 |
| 110 | 2 |
_aمجمع اللغة العربية (القاهرة، مصر). _bإدارة العامة للمعجمات وإحياء التراث _eمؤلف. _914731 |
|
| 245 | 1 | 2 | _aالمعجم الوسيط. |
| 250 | _aالطبعة الرابعة. | ||
| 264 | 1 |
_aالقاهرة : _bمكتبة الشروق الدولية، _c2005. |
|
| 300 |
_a1067 صفحة ؛ _bإيضاحيات ؛ _c30 سم |
||
| 336 |
_2rdacontent _aنص _btxt |
||
| 337 |
_2rdamedia _aبدون وسيط _bn |
||
| 338 |
_2rdacarrier _aمجلد _bnc |
||
| 590 | _aamira yasser | ||
| 650 | 7 |
_aاللغة العربية _vمعاجم. _2BUEsh _98104 |
|
| 653 |
_bGGEN _cDecember2019 |
||
| 655 | _vReading book | ||
| 942 |
_2ddc _cREFERENCE |
||